005290000a22001330004500090001700000245011000017246011000127041001400237700002800251100003300279942001300312773005300325999001700378 aASbSeriadas10aPrimer registro Sturnira thomasi de la Torre and Schwatz, 1996 (Chiroptera: Phyllostomidae) para Colombia3 aFirst record of Sturnira thomasi de la Torre and Schwatz, 1996 (Chiroptera: Phyllostomidae) from Colombia0 aEspañol1 aMuñoz , Javier9166761 aCuartas Calle, Carlos999653 cARTICULO1 tActualidades Biológicash71q173-180d1999g21 c15412d15412